Research methodology in education: (Record no. 19319)

MARC details
000 -LEADER
fixed length control field 00942nam a22002297a 4500
008 - FIXED-LENGTH DATA ELEMENTS--GENERAL INFORMATION
fixed length control field 081201t xxu||||| |||| 00| 0 eng d
010 ## - LCCN (DPL NO)
LC control number ENG-91921
020 ## - INTERNATIONAL STANDARD BOOK NUMBER
International Standard Book Number 9788172734619
Terms of availability 400.00
035 ## - SYSTEM CONTROL NUMBER
System control number EN-75454
037 ## - SOURCE OF ACQUISITION
Source of stock number/acquisition DBAD / PUB
040 ## - CATALOGING SOURCE
Original cataloging agency dpl
Language of cataloging English
082 ## - DEWEY DECIMAL CLASSIFICATION NUMBER
Classification number 370.72
100 ## - MAIN ENTRY--PERSONAL NAME
Personal name Shastri, V.K.
245 ## - TITLE STATEMENT
Title Research methodology in education:
Statement of responsibility, etc by V.K. Shastri
Remainder of title (strictly on the basis of precribed syllabus with modern trends) /
260 ## - PUBLICATION, DISTRIBUTION, ETC. (IMPRINT)
Place of publication, distribution, etc Delhi
Name of publisher, distributor, etc Authorspress
Date of publication, distribution, etc 2008
270 ## - ADDRESS
Address E-35/103, Jawahar Park, Laxmi Nagar,
City Delhi
Postal code 110092
300 ## - PHYSICAL DESCRIPTION
Extent x, 187p.
Dimensions 23cm (Hb)
500 ## - GENERAL NOTE
General note Incluses bibliographical references and index
650 ## - SUBJECT ADDED ENTRY--TOPICAL TERM
Topical term or geographic name as entry element Education
General subdivision Research
-- Methodology.
942 ## - ADDED ENTRY ELEMENTS (KOHA)
Source of classification or shelving scheme Dewey Decimal Classification
Item type English Books
Call number suffix SHA
Classification part 370.72
Holdings
Withdrawn status Lost status Source of classification or shelving scheme Damaged status Not for loan Collection code Home library Current library Date acquired Source of acquisition Cost, normal purchase price Total Checkouts Full call number Barcode Date last seen Copy number Cost, replacement price Koha item type
    Dewey Decimal Classification   Not For Loan Non-fiction D.B.Act.Division D.B.Act.Division 01/12/2008 DBAD / PUB 400.00   370.72 SHA EN-75454 01/12/2008 1 400.00 English Books

© Delhi Public Library
Hit Counter
free hit counter